00000000nam##2200000za#4500
0019.529330
003CaOODSP
00520241203113633
007ta
008150406|1997||||xxc|||||     f|0| 0 eng|d
020 |a0-662-63096-3
040 |aCaOODSP|beng
041 |aeng
041 |afre
043 |an-cn---
0861 |aEn56-119/8-1997-1
1101 |aCanada. |bEnvironment Canada.
24510|aNational summary for policy makers|cEdited by Barrie Maxwell, Nicola Mayer and Roger Street.
260 |aOttawa - Ontario : |bEnvironment Canada |c1997.
300 |aEnglish text, 24p. : |bfigs., graphs, illus. ; |c28 cm.
4901 |aCanada country study
546 |aBilingual. Bilingual
563 |aSoftcover
590 |a97-49|b1997-12-05
69007|aClimate|2gcpds
7201 |aMaxwell, Barrie
7201 |aMayer, Nicola
7201 |aStreet, Roger
7760#|tNational summary for policy makers|w(CaOODSP)9.574602
7760#|tSommaire national pour les décideurs|w(CaOODSP)9.604340
792 |tSommaire national pour les décideurs|efre|w(CaOODSP)9.529331
830#0|aCanada country study.|w(CaOODSP)9.509288
986 |aEn57-33/1-1997